White paper (Record no. 114101)

MARC details
000 -LEADER
fixed length control field 00915cad a22002295a 4500
001 - CONTROL NUMBER
control field L156209
008 - FIXED-LENGTH DATA ELEMENTS--GENERAL INFORMATION
fixed length control field 120504s2012 xxk f 000 0 eng d
035 ## - SYSTEM CONTROL NUMBER
System control number (Sirsi) u156209
041 0# - LANGUAGE CODE
Language code of text/sound track or separate title eng
110 0# - MAIN ENTRY--CORPORATE NAME
Corporate name or jurisdiction name as entry element Excitech Ltd
245 00 - TITLE STATEMENT
Title White paper
Remainder of title BIM for construction
Medium [electronic resource]
260 ## - PUBLICATION, DISTRIBUTION, ETC.
Place of publication, distribution, etc. Enfieldl
Name of publisher, distributor, etc. Exitech Ltd
Date of publication, distribution, etc. 2012
520 ## - SUMMARY, ETC.
Summary, etc. A paper examining the benefits of building information modelling for the contractor and ultimately the client once the design work has finished. Highlights how the BIM process can bring benefits to all the stages of a project.
590 ## - LOCAL NOTE (RLIN)
Local note KA
650 ## - SUBJECT ADDED ENTRY--TOPICAL TERM
Topical term or geographic name entry element BUILDING INFORMATION MODELLING
650 24 - SUBJECT ADDED ENTRY--TOPICAL TERM
Topical term or geographic name entry element BIM
9 (RLIN) 6219
651 #4 - SUBJECT ADDED ENTRY--GEOGRAPHIC NAME
Geographic name United Kingdom
Chronological subdivision
651 #4 - SUBJECT ADDED ENTRY--GEOGRAPHIC NAME
Geographic name International
690 ## - LOCAL SUBJECT ADDED ENTRY--TOPICAL TERM (OCLC, RLIN)
Topical term or geographic name as entry element BIM
9 (RLIN) 6219
856 40 - ELECTRONIC LOCATION AND ACCESS
Uniform Resource Identifier <a href="https://www.excitech.co.uk/subscription/PDFs/white_papers/BIM_for_construction.pdf">https://www.excitech.co.uk/subscription/PDFs/white_papers/BIM_for_construction.pdf</a>
Public note View the paper (PDF) here www.excitech.co.uk
942 ## - ADDED ENTRY ELEMENTS (KOHA)
Suppress in OPAC 0
Holdings
Withdrawn status Lost status Source of classification or shelving scheme Damaged status Not for loan Home library Current library Shelving location Date acquired Total Checkouts Full call number Barcode Date last seen Copy number Price effective from Koha item type
    Dewey Decimal Classification     Virtual Virtual Online 04/05/2012   ONLINE PUBLICATION 156209-2001 06/08/2019 1 06/08/2019 Book